Building web services with java: making sense of XML SOAP WSDL and UDDI. (Record no. 190653)
[ view plain ]
| 000 -LEADER | |
|---|---|
| fixed length control field | 00618nam a2200157Ia 4500 |
| 008 - FIXED-LENGTH DATA ELEMENTS--GENERAL INFORMATION | |
| fixed length control field | 210716s2008 xx 000 0 und d |
| 020 ## - INTERNATIONAL STANDARD BOOK NUMBER | |
| International Standard Book Number | 8131718131 |
| 041 ## - LANGUAGE CODE | |
| Language code of text/sound track or separate title | eng |
| 082 ## - DEWEY DECIMAL CLASSIFICATION NUMBER | |
| Classification number | 004.6005 GRAS |
| 100 ## - MAIN ENTRY--PERSONAL NAME | |
| Personal name | Graham, Steve; Davis, Doug; Simeonov, Simeon; Daniels, Glen; Brittenham, Peter; Nakamura, Yuichi; Fremantle, Paul; Koenig, Dieter; Zentner, Claudia. |
| 245 ## - TITLE STATEMENT | |
| Title | Building web services with java: making sense of XML SOAP WSDL and UDDI. |
| Remainder of title | Making sense of XML SOAP WSDL and UDDI. |
| 250 ## - EDITION STATEMENT | |
| Edition statement | 2 |
| 260 ## - PUBLICATION, DISTRIBUTION, ETC. | |
| Place of publication, distribution, etc. | New Delhi |
| Name of publisher, distributor, etc. | Pearson Education |
| Date of publication, distribution, etc. | 2008 |
| 300 ## - PHYSICAL DESCRIPTION | |
| Extent | xviii,792 |
| 650 ## - SUBJECT ADDED ENTRY--TOPICAL TERM | |
| Topical term or geographic name entry element | Web Design & Development |
| Withdrawn status | Lost status | Damaged status | Not for loan | Collection code | Home library | Current library | Source of acquisition | Cost, normal purchase price | Total Checkouts | Full call number | Barcode | Date last seen | Cost, replacement price | Price effective from | Koha item type |
|---|---|---|---|---|---|---|---|---|---|---|---|---|---|---|---|
| MCA | St Aloysius Institute of Management & Information Technology | St Aloysius Institute of Management & Information Technology | Knowledge World | 550.00 | 004.6005 GRAS | MCA10161 | 07/21/2025 | 412.50 | 07/16/2021 | Book |